Tactical pilotage chart, TPC. F-5B, Union of Soviet Socialist Republics /

Bibliographic Details
Corporate Author: Aerospace Center (U.S.)
Format: Government Document Map
Language:English
Published: St. Louis, Mo. : The Center ; [1981]
Edition:Ed. 2.
Subjects:

MARC

Tag First Indicator Second Indicator Subfields
LEADER 00000cem a2200000Ia 4500
001 in00000006545
005 20150929200038.0
007 aj canzn
008 990924s1981 mouabcgcc a f 0 eng d
034 1 |a a  |b 500000  |d E0590000  |e E0670000  |f N0480000  |g N0440000 
035 |a (OCoLC)ocm42427500 
035 |9 AJK6564AM 
037 |a TPCXXF 05 B  |b DMA 
040 |a GPO  |c GPO  |d UtOrBLW 
049 |a TXAM 
052 |a 7221 
052 |a 7231 
074 |a 0378-E-05 
086 0 |a D 5.354:TPC F-5 B/980 
090 |a G3201.P6 s500  |b .U5 TPC F-5B 
110 2 |a Aerospace Center (U.S.) 
245 1 0 |a Tactical pilotage chart, TPC.  |n F-5B,  |p Union of Soviet Socialist Republics /  |c prepared and published by the Defense Mapping Agency Aerospace Center. 
246 2 |a TPC, Union of Soviet Socialist Republics 
246 3 0 |a Union of Soviet Socialist Republics 
250 |a Ed. 2. 
255 |a Scale 1:500,000 ;  |b Lambert conformal conic proj., standard parallels 41⁰20ʹ and 46⁰40ʹ  |c (E 59⁰--E 67⁰/N 48⁰--N 44⁰). 
264 1 |a St. Louis, Mo. :  |b The Center ;  |c [1981] 
264 2 |a [Riverdale, Md.] :  |b [NOAA Distribution Branch (N/ACC3), National Ocean Service, distributor], 
300 |a 1 map :  |b color ;  |c on sheet 106 x 146 cm., folded to 27 x 37 cm. 
336 |a cartographic image  |b cri  |2 rdacontent 
337 |a unmediated  |b n  |2 rdamedia 
338 |a sheet  |b nb  |2 rdacarrier 
500 |a Relief shown by contours, shading, tints, and spot heights. 
500 |a "Air information current through 29 October 1980." 
500 |a Shipping list number: 99-2024-S. 
500 |a "Compiled November 1974. Revised November 1980." 
500 |a "Lithographed by DMAAC 4-81." 
500 |a Includes elevation tints and interchart relationship diagrams. 
500 |a Shipping List #: 99-2024-S 
500 |a Shipping List Date: 09/10/99 
500 |a Cartographic material. 
650 0 |a Aeronautical charts  |z Kazakhstan. 
650 0 |a Aeronautical charts  |z Uzbekistan. 
994 |a E0  |b TXA 
999 |a MARS 
999 f f |s 00d8c0b5-d9fb-3818-8a2a-fca3eb7945a1  |i e4686921-38e9-31ca-b917-6cf320d7bca3  |t 0 
952 f f |p normal  |a Texas A&M University  |b College Station  |c Sterling C. Evans Library  |d Evans: Maps File (2nd floor)  |t 0  |e G3201.P6 s500 .U5 TPC F-5B  |h Library of Congress classification  |i unmediated -- sheet  |m A14827047347 
998 f f |a G3201.P6 s500 .U5 TPC F-5B  |t 0  |l Evans: Maps File (2nd floor)